The Highest Mountain in Every Country on a Map - Statistics

General Stats
  • This quiz has been taken 83 times
    10 since last reset
  • The average score is 25 of 192
Answers on the Map
Answers color-coded by a green-red scale on the quiz's map according to % correct below.
 
Answer Stats
Country Mountain Height % Correct
France Mont Blanc 4,810 m (15,781 ft)
100%
Italy Monte Bianco 4,810 m (15,781 ft)
100%
China | Nepal Mount Everest 8,848 m (29,029 ft)
100%
Pakistan K2 8,610 m (28,251 ft)
90%
Russia Mount Elbrus 5,642 m (18,510 ft)
80%
Japan Mount Fuji 3,776 m (12,388 ft)
80%
United States Denali 6,190 m (20,310 ft)
70%
Tanzania Kilimanjaro 5,892 m (19,331 ft)
70%
Turkey Mount Ararat 5,137 m (16,854 ft)
70%
Kenya Mount Kenya 5,199 m (17,057 ft)
70%
United Kingdom {Mount Paget} (South Georgia) 1,345 m (4,413 ft)
70%
Argentina Aconcagua 6,961 m (22,837 ft)
60%
New Zealand Aoraki 3,724 m (12,218 ft)
50%
Australia {Mawson Peak} (Heard Island and McDonald Islands) 2,228 m (7,310 ft)
50%
Canada Mount Logan 4,039 m (13,250 ft)
50%
Greece Mount Olympus 2,919 m (9,577 ft)
50%
Cyprus Olympus 1,952 m (6,404 ft)
50%
India Kangchenjunga 8,586 m (28,169 ft)
40%
Cameroon Mongo ma Ndemi 1,813 m (5,948 ft)
40%
Democratic Republic of the Congo | Uganda Mount Ngaliema 5,109 m (16,763 ft)
40%
North Korea Paektu-San 2,744 m (9,003 ft)
40%
Indonesia Puncak Jaya 4,884 m (16,024 ft)
40%
Ecuador Chimborazo 6,263 m (20,549 ft)
30%
Kazakhstan Khan Tengri 7,010 m (23,000 ft)
30%
Slovenia Triglav 2,864 m (9,396 ft)
30%
Nigeria Chappal Wadi 2,419 m (7,936 ft)
20%
Iran Damavand 5,610 m (18,406 ft)
20%
Switzerland Dufourspitze 4,634 m (15,203 ft)
20%
Bhutan Gangkhar Puensum 7,570 m (24,836 ft)
20%
Slovakia Gerlachovský štít 2,655 m (8,711 ft)
20%
North Macedonia Golem Korab 2,764 m (9,068 ft)
20%
Austria Grossglockner 3,798 m (12,461 ft)
20%
Oman Jabal Shams 3,009 m (9,872 ft)
20%
Albania Korab 2,764 m (9,068 ft)
20%
Romania Moldoveanu Peak 2,544 m (8,346 ft)
20%
Israel | Syria Mount Hermon 2,814 m (9,232 ft)
20%
Guyana Mount Roraima 2,772 m (9,094 ft)
20%
Papua New Guinea Mount Wilhelm 4,509 m (14,793 ft)
20%
Bulgaria Musala 2,925 m (9,596 ft)
20%
Brazil Pico da Neblina 2,995 m (9,827 ft)
20%
Mexico Pico de Orizaba 5,636 m (18,491 ft)
20%
Ethiopia Ras Dejen 4,551 m (14,930 ft)
20%
Poland Rysy 2,599 m (8,199 ft)
20%
Georgia Shkhara 5,201 m (17,064 ft)
20%
Belgium Signal de Botrange 694 m (2,277 ft)
20%
Spain Teide 3,718 m (12,198 ft)
20%
Taiwan Yu Shan 3,952 m (12,966 ft)
20%
Germany Zugspitze 2,962 m (9,718 ft)
20%
Turkmenistan Ayrybaba 3,139 m (10,299 ft)
10%
Jamaica Blue Mountain Peak 2,256 m (7,402 ft)
10%
Iraq Cheekha Dar 3,611 m (11,847 ft)
10%
Andorra Coma Pedrosa 2,942 m (9,652 ft)
10%
Croatia Dinara 1,913 m (6,276 ft)
10%
Vietnam Fan Si Pan 3,143 m (10,312 ft)
10%
Egypt Gabal Katrine 2,629 m (8,625 ft)
10%
Denmark {Gunnbjorn Fjeld} (Greenland) 3,700 m (12,139 ft)
10%
Malaysia Gunung Kinabalu 4,095 m (13,436 ft)
10%
South Korea Halla-San 1,950 m (6,398 ft)
10%
Peru Huascarán 6,768 m (22,205 ft)
10%
Tajikistan Ismoil Somoni Peak 7,495 m (24,590 ft)
10%
Saudi Arabia Jabal Ferwa 3,000 m (9,843 ft) [1]
10%
Morocco Jbel Toubkal 4,165 m (13,665 ft)
10%
Kyrgyzstan Jengish Chokusu 7,439 m (24,406 ft)
10%
Hungary Kékes 1,014 m (3,327 ft)
10%
Saint Vincent and the Grenadines La Soufrière 1,234 m (4,049 ft)
10%
South Africa Mafadi 3,450 m (11,319 ft)
10%
Philippines Mount Apo 2,954 m (9,692 ft)
10%
Armenia Mount Aragats 4,090 m (13,420 ft)
10%
Barbados Mount Hillaby 336 m (1,102)
10%
Netherlands {Mount Scenery} (Saba) 887 m (2,910 ft)
10%
Fiji Mount Tomanivi 1,324 m (4,344 ft)
10%
Maldives Mount Villingili 5 m (17 ft)
10%
Afghanistan Noshaq 7,492 m (24,580 ft)
10%
Chile Ojos del Salado 6,893 m (22,615 ft)
10%
Venezuela Pico Bolivar 4,978 m (16,332 ft)
10%
Colombia Pico Cristobal Colon 5,730 m (18,800 ft)
10%
Cape Verde Pico do Fogo 5,959 m (19,551 ft)
10%
Dominican Republic Pico Duarte 3,098 m (10,164 ft)
10%
Mauritius Piton de la Petite Riviere Noire 828 m (2,717 ft)
10%
Lebanon Qurnat as Sawda' 3,088 m (10,131 ft)
10%
Czech Republic Sněžka 1,603 m (5,259 ft)
10%
Vatican City Vatican Hill 75 m (246 ft)
10%
Kosovo Velika Rudoka 2,660 m (8,728 ft)
10%
Uzbekistan Alpomish Peak 4,643 m (15,233 ft) [1]
0%
Lithuania Aukstojas Hill 294 m (964 ft)
0%
Moldova Bălănești Hill 430 m (1,411 ft)
0%
Senegal Baunez Ridge 648 m (2,126 ft)
0%
Libya Bikku Bitti 2,266 m (7,434 ft)
0%
Antigua and Barbuda Boggy Peak 402 m (1,319 ft)
0%
Singapore Bukit Timah Hill 164 m (537 ft)
0%
Ireland Carrauntoohil 1,038 m (3,406 ft)
0%
Uruguay Cerro Catedral 514 m (1,685 ft)
0%
El Salvador Cerro El Pital 2,731 m (8,960 ft)
0%
Honduras Cerro Las Minas 2,870 m (9,416 ft)
0%
Paraguay Cerro Tres Kandú 842 m (2,762 ft)
0%
Monaco Chemin des Revoires 161 m (528 ft)
0%
Nauru Command Ridge 71 m (233 ft)
0%
Sudan Deriba Caldera 3,042 m (9,980 ft)
0%
Thailand Doi Inthanon 2,565 m (8,415 ft)
0%
Belize Doyle's Delight 1,124 m (3,688 ft)
0%
Belarus Dzyarzhynskaya Hara 407 m (1,135 ft)
0%
Trinidad and Tobago El Cerro del Aripo 940 m (3,084 ft)
0%
Eritrea Emba Soira 3,018 m (9,902 ft)
0%
Chad Emi Koussi 3,415 m (11,204 ft)
0%
Eswatini Emlembe 1,862 m (6,109 ft)
0%
Latvia Gaiziņkalns 312 m (1,024 ft)
0%
Norway Galdhøpiggen 2,469 m (8,100 ft)
0%
Liechtenstein Grauspitz 2,599 m (8,527 ft)
0%
Finland Halti 1,324 m (4,344 ft)
0%
Myanmar Hkakabo Razi 5,881 m (19,295 ft)
0%
Mali Hombori Tondo 1,155 m (3,789 ft)
0%
Ukraine Hoverla 2,061 m (6,762 ft)
0%
Iceland Hvannadalshnjúkur 2,110 m (6,921 ft)
0%
Bahrain Jabal ad-Dukhan 122 m (400 ft)
0%
Yemen Jabal An-Nabi Shu'ayb 3,666 m (12,028 ft)
0%
Jordan Jabal Umm ad Dami 1,854 m (6,083 ft)
0%
Tunisia Jebel ech Chambi 1,544 m (5,066 ft)
0%
United Arab Emirates Jebel Jais 1,892 m (6,207 ft)
0%
Suriname Juliana Top 1,230 m (4,035 ft)
0%
Tonga Kao 1,033 m (3,389 ft)
0%
Sweden Kebnekaise 2,097 m (6,880 ft)
0%
Mauritania Kediet ej Jill 915 m (3,002 ft)
0%
Mongolia Khuiten Peak 4,374 m (14,350 ft)
0%
South Sudan Kinyeti 3,187 m (10,456 ft)
0%
Luxembourg Kneiff 560 m (1,837 ft)
0%
Namibia Königstein 2,573 m (8,442 ft)
0%
Ghana Leklata ≈900 m (≈2950 ft) [2]
0%
Zambia Mafinga Central 2,339 m (7,674 ft)
0%
Bosnia and Herzegovina Maglić 2,386 m (7,828 ft)
0%
Madagascar Maromokotro 2,876 m (9,436 ft)
0%
Samoa Mauga Silisili 1,857 m (6,093 ft)
0%
Serbia Midzor 2,169 m (7,116 ft)
0%
Nicaragua Mogotón 2,107 m (6,913 ft)
0%
Botswana Monalanong Hill 1,494 m (4,902 ft)
0%
Togo Mont Atilakoutse 992 m (3,254 ft) [1]
0%
Gabon Mont Bengoue 1,070 m (3,510 ft)
0%
Mozambique Monte Binga 2,436 m (7,992 ft)
0%
Guinea-Bissau Monte Ronde 262 m (860 ft) [1]
0%
San Marino Monte Titano 755 m (2,477 ft)
0%
Niger Mont Idoukal-n-Taghès 2,022 m (6,634 ft)
0%
Republic of the Congo Mont Nabemba 1,020 m (3,346 ft)
0%
Guinea | Ivory Coast Mont Nimba 1,752 m (5,748 ft)
0%
Dominica Morne Diablotins 1,448 m (4,747 ft)
0%
Seychelles Morne Seychellois 905 m (2,969 ft)
0%
Bahamas Mount Alvernia 63 m (206 ft)
0%
Azerbaijan Mount Bazardüzü 4,466 m (14,652 ft)
0%
Sierra Leone Mount Bintumani 1,948 m (6,391 ft)
0%
Costa Rica Mount Chirripo 3,821 m (12,536 ft)
0%
Saint Lucia Mount Gimie 950 m (3,117 ft)
0%
Burundi Mount Heha 2,684 m (8,806 ft)
0%
Rwanda Mount Karisimbi 4,507 m (14,787 ft)
0%
Comoros Mount Karthala 2,361 m (7,746 ft)
0%
Saint Kitts and Nevis Mount Liamuiga 1,156 m (3,793 ft)
0%
Angola Mount Moco 2,621 m (8,600 ft)
0%
Malawi Mount Mulanje 3,002 m (9,849 ft)
0%
Central African Republic Mount Ngaoui 1,410 m (4,626 ft)
0%
Palau Mount Ngerchelchuus 242 m (794 ft)
0%
Zimbabwe Mount Nyangani 2,592 m (8,504 ft)
0%
Portugal Mount Pico 2,351 m (7,713 ft)
0%
Solomon Islands Mount Popomaneseu 2,335 m (7,661 ft)
0%
Grenada Mount Saint Catherine 840 m (2,756 ft)
0%
Benin Mount Sokbaro 658 m (2,159 ft)
0%
Algeria Mount Tahat 2,908 m (9,541 ft)
0%
Burkina Faso Mount Tenakourou 747 m (2,451 ft)
0%
Liberia Mount Wuteve 1,440 m (4,724 ft)
0%
Djibouti Mousa Ali 2,021 m (6,631 ft)
0%
Federated States of Micronesia Nanlaud 782 m (2,566 ft)
0%
Bolivia Nevado Sajama 6,542 m (21,463 ft)
0%
Brunei Pagon Hill 1,850 m (6,070 ft)
0%
Cambodia Phnom Aural 2,829 m (9,281 ft)
0%
Laos Phou Bia 2,817 m (9,242 ft)
0%
Haiti Pic la Selle 2,680 m (8,793 ft)
0%
Equatorial Guinea Pico Basilé 3,011 m (9,879 ft)
0%
São Tomé and Príncipe Pico de São Tomé 2,024 m (6,640 ft)
0%
Cuba Pico Turquino 1,974 m (6,476 ft)
0%
Sri Lanka Pidurutalagala 2,524 m (8,281 ft)
0%
Qatar Qurayn Abu al Bawl 103 m (338 ft)
0%
Bangladesh Saka Haphong 1052 m (3,451 ft)
0%
Gambia Sare Firasu Hill 51 m (167 ft) [1]
0%
Somalia Shimbiris 2,450 m (8,038 ft)
0%
Estonia Suur Munamagi 318 m (1,043 ft)
0%
Vanuatu Tabwemasana 1,877 m (6,158 ft)
0%
Malta Ta'Dmejrek 253 m (830 ft)
0%
East Timor Tatamailau 2,963 m (9,721 ft)
0%
Lesotho Thabana Ntlenyana 3,482 m (11,424 ft)
0%
Panama Volcán Barú 3,475 m (11,401 ft)
0%
Guatemala Volcan Tajumulco 4,525 m (13,845 ft)
0%
Montenegro Zla Kolata 2,534 m (8,314 ft)
0%
No matching quizzes found
Score Distribution
Percent of People with Each Score
Percentile by Number Answered
Your Score History
You have not taken this quiz since the last reset